Jak zostałem gdyńskim okrętowcem
| Titel: | Jak zostałem gdyńskim okrętowcem : Cz. 2: lata 1957-1967 |
|---|---|
| Verfasser: | |
| In: |
Rocznik Gdyński, Band 4 (1983), Seite 219-231 alle Artikel anzeigen |
| Veröffentlicht: | 1983 [1984] |
| Format: | Aufsatz |
| Sprache: | Polnisch |
X
alg: 39193236 001A $01999:11-11-16 001B $01999:12-03-21 $t19:05:49.000 001D $01999:11-11-16 001U $0utf8 001X $00 002@ $0Aox 003@ $0391932365 007A $0391932365 $aHEB 007T $0Herd22181 010@ $apol 011@ $a1983 $n1983 [1984] 021A $aJak zostałem gdyńskim okrętowcem $dCz. 2: lata 1957-1967 027A $aWie ich ein Gdinger Schiffbauingenieur wurde 028A $aZabiełło $dErazm 031A $d4 $h219-231 $j1983 037A $aTeil I in: Rocznik Gdyński 3 (1982) [1983], S. 148-166 039B $aIn $8--Abvc--. Rocznik Gdyński. - Gdynia, 1978-. - ISSN 0137-4044 $x198300000040000781 $9090559797 045F $a900.943820904 $eDDC23BSB 045F/01 $a900 045F/03 $f0904 045F/03 $g4382 045F/03 $g43832 046C $aWie ich ein Gdinger Schiffbauingenieur wurde $bÜbers. des Hauptsacht. lok: 39193236 78 exp: 39193236 78 1 #EPN 201B/01 $026-06-18 $t22:53:13.000 201U/01 $0utf8 203@/01 $0788028197 208@/01 $a11-11-16 $be 209A/01 $a/ $f000 $x00 220C/01 $aTitelaufnehmer: kl 244Z/01 $2Trx $#Prusy Wschodnie i Zachodnie $8--Trx--Ost- und Westpreußen $x01 $939113373X 244Z/01 $#Gdynia $#Gdingen $#Gotenhafen $#Gdingen Gdynia $72011183-6 $8--Tg1--Gdynia $x02 $9042666600 244Z/01 $aGeschichte 1957-1967 $x03 244Z/01 $2Trx $#insenerid $#inžinieriai $#engineers $#mérnökök $#inżynierowie $#inžinieri $#inženýři $8--Trx--Ingenieure $x04 $9391380451 244Z/01 $2Trx $#laevaehitus $#laivų gamyba $#ship-building $#hajóépítés $#budownictwo okrętowe $#lodiarstvo $#stavba lodí $#Bootsbau $#Schiffsbau $#szkutnictwo $#stavba člnov $8--Trx--Schiffbau $x05 $9391362690 244Z/01 $2Trx $#mälestused $#atsiminimai $#Memoirs $#emlékezések $#wspomnienia $#spomienky $#vzpomínky $#memuaarid $#Memoiren $#pamiętniki $#pamäti $#paměti $8--Trx--Erinnerungen $x06 $9391357727 244Z/01 $2Trx $8--Trx--Zeitschriftenaufsatz $x07 $9391384341 245Z/01 $a13.03 $x01 245Z/01 $a03.04.04 $x02 247C/01 $82080>Marburg/Lahn, Herder-Institut, Forschungsbibliothek, Bibliographieportal $9336309341
| LEADER | 00000caa a22000002c 4500 | ||
|---|---|---|---|
| 001 | 391932365 | ||
| 003 | DE-603 | ||
| 005 | 20210312190549.0 | ||
| 007 | tu | ||
| 008 | 161111s1983 xx |||| | u00||u|pol c | ||
| 035 | |a (DE-599)HEB391932365 | ||
| 040 | |a DE-603 |b ger |c DE-603 |d DE-603 | ||
| 041 | |a pol | ||
| 082 | 0 | 4 | |8 1\u |a 900.943820904 |q DE-101 |2 23/BSB |
| 085 | |8 1\u |b 900 | ||
| 085 | |8 1\u |z 1 |s 0904 | ||
| 085 | |8 1\u |z 2 |s 4382 | ||
| 085 | |8 1\u |z 2 |s 43832 | ||
| 100 | 1 | |a Zabiełło, Erazm | |
| 245 | 0 | 0 | |a Jak zostałem gdyńskim okrętowcem |b Cz. 2: lata 1957-1967 |
| 246 | 1 | |i Übers. des Hauptsacht. |a Wie ich ein Gdinger Schiffbauingenieur wurde | |
| 246 | 1 | 3 | |a Wie ich ein Gdinger Schiffbauingenieur wurde |
| 264 | 0 | |c 1983 [1984] | |
| 500 | |a Teil I in: Rocznik Gdyński 3 (1982) [1983], S. 148-166 | ||
| 773 | 0 | 8 | |i In |t Rocznik Gdyński |d Gdynia, 1978- |x 0137-4044 |g Band 4 (1983), Seite 219-231 |w (DE-603)090559797 |w (DE-600)2008589-8 |
| 924 | 0 | |9 2080 |a (DE-603)788028197 |b DE-2080 |c HES |d d |g / | |


